| 000 | 00985nam a22002537a 4500 | ||
|---|---|---|---|
| 999 |
_c15745 _d15745 |
||
| 003 | MIRAKIL | ||
| 005 | 20240322115506.0 | ||
| 008 | 240322b tu ||||| |||| 00| 0 tur d | ||
| 020 | _a9789751621580 | ||
| 040 |
_aTR-AnCHP _cTR-AnCHP |
||
| 041 | _atur | ||
| 082 |
_a398.2 _bÇ88 2020 |
||
| 245 | 1 | 0 |
_aÇuvaş Alp hikayeleri : _b(ulip halapisem)/ _chazırlayan: Feyzi Ersoy. |
| 250 | _aİkinci baskı: Ankara, 2020 Ağustos | ||
| 260 |
_aAnkara : _bTürk Dil Kurumu (TDK), _c2020. |
||
| 300 |
_a183 sayfa ; _c24 cm. |
||
| 490 | 0 |
_aAtatürk Kültür, Dil ve Tarih Yüksek Kurumu Türk Dil Kurumu yayınları ; _v968. |
|
| 490 | 0 |
_aTürk dünyası destanlarının tespiti, Türkiye Türkçesine aktarılması ve yayımlanması projesi ; _v32 |
|
| 500 | _aÇuvaşça metin içerir. | ||
| 504 | _aKaynakça: sayfa 183. | ||
| 650 | 0 |
_97854 _aÇuvaşça edebiyatı |
|
| 856 | _zDijital Nüshası için Partimizin Kütüphane Sorumlusu ile iletişime geçiniz. | ||
| 942 |
_2ddc _cBKS |
||